| 000 | 01085nam a2200265Ia 4500 | ||
|---|---|---|---|
| 008 | 130821s2004 ck gr dspa | ||
| 020 | _a9588232333 | ||
| 040 |
_aCo-BoUCM _bspa |
||
| 041 | 0 | 0 | _aspa |
| 100 | 1 |
_aAlzate, Carolina _9164525 |
|
| 245 | 1 | 0 |
_aDiario íntimo y otros escritos de Soledad Acosta de Samper _cCarolina Alzate |
| 246 | 1 | 0 |
_aBeca de investigación en literatura _bciudad de Bogotá 2003 |
| 250 | _aEdición y notas de Carolina Alzate ; coordinación editorial María Bárbara Gómez Rincón. | ||
| 260 |
_aBogotá (Colombia) _bAlcaldía Mayor de Bogotá D.C. _c2004 |
||
| 300 | _a651 páginas | ||
| 500 | _aaBeca de investigadción en literatura - Ciudad de Bogotá 2003. | ||
| 504 | _aIncluye bibliografias. | ||
| 650 | 0 | 4 |
_aDiarios íntimos _913194 |
| 650 | 0 | 4 |
_aLiteratura _918599 |
| 650 | 0 | 4 |
_aMujeres en la literatura _zColombia _ySiglo XX _919920 |
| 700 | 1 |
_aAlzate Cadavid, Carolina _d1965- _eed. _949972 |
|
| 700 | 1 |
_aGómez Rincón, María Bárbara _eed. _9159149 |
|
| 942 |
_cLIBRO _a18 _e1 _mA478d _2DEWEY _h920 |
||
| 999 |
_c57763 _d57763 |
||